| 000 | 01284cam a2200337 a 4500 | ||
|---|---|---|---|
| 999 |
_c812 _d812 |
||
| 001 | 01541318 | ||
| 003 | OSt | ||
| 005 | 20191220102209.0 | ||
| 008 | 070820s2008 nyu d 000 1 eng | ||
| 010 | _a2007031141 | ||
| 020 | _a1595141758 (pbk.) | ||
| 020 | _a9781595141750 (pbk.) | ||
| 040 |
_aDLC _cDLC _dDLC |
||
| 042 | _anbic | ||
| 082 | _aFIC MEA | ||
| 100 | 1 |
_aMead, Richelle. _eauthor |
|
| 245 | 1 | 0 |
_aFrostbite / _cRichelle Mead. |
| 260 |
_aNew York : _bRazorbill, _cc2008. |
||
| 300 |
_a327 p. ; _c21 cm. |
||
| 490 | 1 |
_aVampire Academy ; _vBook 2. |
|
| 520 | _aWhile on a school skiing trip, guardian-in-training Rose faces everything from misunderstandings between friends to fights among factions of Moroi as reports of horrific Strigoi attacks raise tensions, ultimately leading Rose and some of those closest to her into a battle that teaches her much about life, death, and love. | ||
| 650 | 0 |
_aHigh schools _vJuvenile fiction. |
|
| 650 | 0 |
_aInterpersonal relations _vJuvenile fiction. |
|
| 650 | 0 |
_aMagic _vJuvenile fiction. |
|
| 650 | 0 |
_aSchools _vJuvenile fiction. |
|
| 650 | 0 |
_aSkis and skiing _vJuvenile fiction. |
|
| 650 | 0 |
_aSocial classes _vJuvenile fiction. |
|
| 650 | 0 |
_aVampires _vJuvenile fiction. |
|
| 830 | 0 | _aVampire Academy. | |
| 942 |
_2ddc _cFIC |
||